[Event "FIDE Online Olympiad"]
[Site "Chess.com"]
[Date "2020.07.26"]
[EventDate "2020.07.25"]
[Round "5"]
[Result "1-0"]
[White "Elmer Prudente"]
[Black "Min Soe Han"]
[WhiteElo "1786"]
[BlackElo "2270"]
[PlyCount "101"]

1. e4 c5 2. Nf3 Nc6 3. d4 cxd4 4. Nxd4 Nf6 5. Nc3 e5 6. Ndb5
d6 7. Bg5 a6 8. Na3 b5 9. Nd5 Qa5+ 10. Bd2 Qd8 11. c4 Nxd5
12. exd5 Ne7 13. cxb5 Nxd5 14. bxa6 Be7 15. Qf3 Nc7 16. Ba5
O-O 17. Qc3 d5 18. Bxc7 Qe8 19. Bb5 Bd7 20. Be2 d4 21. Qg3
Bb4+ 22. Kf1 Bxa3 23. Qxa3 Bb5 24. Qc5 d3 25. Bd1 Rc8 26. a7
Qd7 27. a8=Q Rxa8 28. Bxe5 Rfe8 29. f4 Rac8 30. Qd4 d2+
31. Kf2 Qxd4+ 32. Bxd4 Rc1 33. b3 Re4 34. Bb2 Rc8 35. g3 Rce8
36. a4 Bd3 37. Bf3 Rb4 38. Rhd1 Rxb3 39. Rxd2 h6 40. Bd5 Rbb8
41. Be5 Rxe5 42. fxe5 Ba6 43. Rc1 Bc8 44. Rc7 Be6 45. Bxe6
fxe6 46. Rdd7 h5 47. Rxg7+ Kh8 48. Rh7+ Kg8 49. Rcg7+ Kf8
50. Rh8+ Kxg7 51. Rxb8 1-0

[Event "FIDE Online Olympiad"]
[Site "Chess.com"]
[Date "2020.07.26"]
[EventDate "2020.07.25"]
[Round "5"]
[Result "1-0"]
[White "Tun Nay Oo Kyaw"]
[Black "Rogelio L Orio"]
[WhiteElo "2406"]
[BlackElo "1790"]
[PlyCount "51"]

1. d4 Nf6 2. Bf4 d5 3. e3 c5 4. c3 Qb6 5. Qb3 c4 6. Qc2 Bf5
7. Qxf5 Ne4 8. Qc8+ Qd8 9. Qxb7 Nd7 10. Qxd5 Nef6 11. Qxc4 e6
12. Qc7 Qe7 13. Qb7 Rd8 14. Bc7 Nb6 15. Bb5+ Nfd7 16. Nf3 Rc8
17. Bxb6 Rd8 18. Bxd8 Qxd8 19. Ne5 Ke7 20. Nc6+ Ke8 21. Nxd8
Ke7 22. Qxd7+ Kf6 23. Qxf7+ Kg5 24. Nxe6+ Kh6 25. Qf4+ Kg6
26. Be8# 1-0

[Event "FIDE Online Olympiad"]
[Site "Chess.com"]
[Date "2020.07.26"]
[EventDate "2020.07.25"]
[Round "5"]
[Result "1-0"]
[White "Laet Nandar Su"]
[Black "Ruth Nacario"]
[WhiteElo "1768"]
[BlackElo "1552"]
[PlyCount "51"]

1. d4 d5 2. Bf4 c5 3. e3 e6 4. Nf3 Nc6 5. c3 h6 6. h3 Nf6
7. Nbd2 Bd6 8. Ne5 O-O 9. Bd3 c4 10. Bc2 Re8 11. Bh2 Qc7
12. f4 Qd8 13. O-O Nd7 14. Qh5 Re7 15. Rf3 Nf6 16. Qh4 Qf8
17. Rg3 Kh8 18. Rf1 Bd7 19. Rgf3 Qg8 20. Qh5 Rf8 21. Qh4 a5
22. a4 b6 23. Qf2 Nh7 24. e4 f5 25. exf5 exf5 26. Ng6# 1-0

[Event "FIDE Online Olympiad"]
[Site "Chess.com"]
[Date "2020.07.26"]
[EventDate "2020.07.25"]
[Round "5"]
[Result "1-0"]
[White "Thu Aung Moe"]
[Black "Grace Co Estur"]
[WhiteElo "1164"]
[BlackElo "1472"]
[PlyCount "61"]

1. e4 e5 2. Nf3 Nc6 3. Bc4 d6 4. h3 h6 5. Nc3 Nf6 6. d3 Be7
7. Be3 O-O 8. O-O Be6 9. Bb3 Nd7 10. Ne2 Na5 11. Ng3 Nf6
12. Qd2 c5 13. c4 Nc6 14. Bc2 Nd4 15. Bxd4 cxd4 16. b4 Nd7
17. Rab1 f5 18. exf5 Bxf5 19. Nxf5 Rxf5 20. Rfe1 Qf8 21. Qe2
Rc8 22. Bb3 Kh8 23. Rbc1 b6 24. a3 Bg5 25. Rc2 Qf6 26. Ba4 Nb8
27. c5 dxc5 28. bxc5 bxc5 29. Nxe5 Kh7 30. Nd7 Nxd7 31. Bxd7
1-0

[Event "FIDE Online Olympiad"]
[Site "Chess.com"]
[Date "2020.07.26"]
[EventDate "2020.07.25"]
[Round "6"]
[Result "1-0"]
[White "Wynn Zaw Htun"]
[Black "Ali Khan Salman"]
[WhiteElo "2477"]
[BlackElo "1687"]
[PlyCount "71"]

1. Nf3 c5 2. g3 g6 3. Bg2 Bg7 4. O-O Nc6 5. e4 e5 6. Nc3 Nge7
7. d3 O-O 8. Nd2 d6 9. Nc4 Be6 10. Nd5 Bxd5 11. exd5 Nb4
12. Ne3 f5 13. c3 Na6 14. f4 Nb8 15. Qb3 Qc7 16. fxe5 Bxe5
17. Nc4 Nd7 18. Re1 Rf7 19. Bg5 Re8 20. Re2 Kg7 21. Rae1 h6
22. Bc1 Ng8 23. a4 Rfe7 24. Kh1 a6 25. a5 Rb8 26. d4 cxd4
27. cxd4 Bf6 28. Bf4 Rxe2 29. Rxe2 Rc8 30. Nxd6 Qxa5 31. Bd2
Qa1+ 32. Re1 Qxe1+ 33. Bxe1 Rc1 34. Qe3 Rb1 35. Qe6 Nb6
36. Ne8+ 1-0

[Event "FIDE Online Olympiad"]
[Site "Chess.com"]
[Date "2020.07.26"]
[EventDate "2020.07.25"]
[Round "4"]
[Result "1-0"]
[White "Husain Ayyad"]
[Black "Jallah Jacob"]
[WhiteElo "2249"]
[BlackElo "1902"]
[PlyCount "92"]

1. e4  1... e6  2. d4 
2... d5  3. exd5  3... exd5  4. Nf3  4... Bf5  5. Bd3  5... Bxd3  6. Qxd3  6... Bd6
 7. O-O  7... h6  8. Qb5+
 8... Nd7  9. Qxb7  9...
Ne7  10. b3  10... Nb6  11.
Ba3  11... O-O  12. Qa6 
12... Nc6  13. c3  13... Re8 
14. Bxd6  14... Qxd6  15. Nbd2  15... Re7  16. a4  16... Nd7
 17. Qd3  17... Rae8  18.
b4  18... Nf6  19. Nb3 
19... Ne4  20. Nc5  20... Nb8  21. Ne5  21... Nc6  22. Nxe4
 22... dxe4  23. Qxe4  23...
Nxe5  24. dxe5  24... Rxe5  25. Qc4  25... Re4  26. Qb3
 26... R8e5  27. Rad1  27...
Qe7  28. h3  28... c5  29.
b5  29... c4  30. Qb2 
30... g6  31. Qd2  31... Kg7  32. Qd6  32... Qg5  33. Rd4
 33... Re1  34. Rxe1 
34... Rxe1+  35. Kh2  35... Qc1  36. Rxc4  36... Rg1  37. Qe5+
 37... Kh7  38. Rc8  38...
Rh1+  39. Kg3  39... Qg5+ 
40. Qxg5  40... hxg5  41. Rc7  41... Kg7  42. Rxa7  42... Rc1
 43. Rc7  43... Kf6  44. b6
 44... Rb1  45. a5  45...
Rb5  46. b7   1-0

[Event "FIDE Online Olympiad"]
[Site "Chess.com"]
[Date "2020.07.26"]
[EventDate "2020.07.25"]
[Round "4"]
[Result "1-0"]
[White "Bongo Akanga Ndjila, Barthelemy"]
[Black "Dieudonne Muheto"]
[WhiteElo "1887"]
[BlackElo "1802"]
[PlyCount "72"]

1. d4  1... Nf6  2. c4 
2... c5  3. d5  3... b5 
4. cxb5  4... a6  5. b6 
5... g6  6. Nc3  6... Bg7 
7. a4  7... Qxb6  8. e4 
8... d6  9. a5  9... Qc7 
10. Be2  10... O-O  11. Nf3  11... Nbd7  12. O-O  12... Ne8
 13. Bg5  13... Ne5  14. Nd2
 14... Rb8  15. f4  15... f6
 16. Bh4  16... Nf7  17. Nc4
 17... e5  18. dxe6  18...
Bxe6  19. Nb6  19... c4 
20. f5  20... Bc8  21. Bxc4 
21... gxf5  22. exf5  22... Rxb6  23. Bxf7+  23... Rxf7  24. axb6
 24... Qxb6+  25. Kh1 
25... Qxb2  26. Nd5  26... Bh6  27. Rb1  27... Qa2  28. Rb8
 28... Bd7  29. Nxf6+ 
29... Kf8  30. Qxd6+  30... Kg7  31. Nxe8+  31... Bxe8  32. Rxe8
 32... Qb2  33. f6+  33...
Kg6  34. Qg3+  34... Kh5 
35. Rf5+  35... Bg5  36. Qxg5#   1-0

[Event "FIDE Online Olympiad"]
[Site "Chess.com"]
[Date "2020.07.26"]
[EventDate "2020.07.25"]
[Round "4"]
[Result "1-0"]
[White "Bakary Traore"]
[Black "Husein Aziz Nezad"]
[WhiteElo "2145"]
[BlackElo "2430"]
[PlyCount "44"]

1. e4  1... e5  2. Nf3  2...
Nc6  3. Bb5  3... Nge7  4.
O-O  4... g6  5. c3  5...
a6  6. Ba4  6... Bg7  7.
d4  7... exd4  8. cxd4 
8... b5  9. Bc2  9... d6 
10. h3  10... O-O  11. Nc3  11... Bb7  12. Re1  12... Nb4
 13. Bb1  13... c5  14. d5
 14... Re8  15. Qd2  15...
h6  16. a3  16... Qa5  17.
Na2  17... f5  18. axb4 
18... cxb4  19. Nd4  19... fxe4  20. Bxe4  20... Nf5  21. Bxf5
 21... gxf5  22. Nxf5   1-0

[Event "FIDE Online Olympiad"]
[Site "Chess.com"]
[Date "2020.07.26"]
[EventDate "2020.07.25"]
[Round "5"]
[Result "1-0"]
[White "Husein Aziz Nezad"]
[Black "Mashala Kabamwanishi"]
[WhiteElo "2430"]
[BlackElo "1856"]
[PlyCount "30"]

1. e4 e5 2. Nf3 Nc6 3. Bb5 Nf6 4. d3 Bc5 5. O-O d6 6. h3 h6 7. Be3 Bxe3 8. fxe3
O-O 9. Nc3 Ne7 10. Nh4 c6 11. Ba4 a5 12. a3 Be6 13. Qd2 Qd7 14. Rf3 b5 15. Bb3
 1-0

[Event "FIDE Online Olympiad"]
[Site "Chess.com"]
[Date "2020.07.26"]
[EventDate "2020.07.25"]
[Round "5"]
[Result "1-0"]
[White "Hasseye Alhousseyni"]
[Black "Wilfried Ntamatungiro"]
[WhiteElo "1925"]
[BlackElo "1720"]
[PlyCount "92"]

1. e4 d5 2. exd5 Nf6 3. d4 Bg4 4. Nf3 Qxd5 5. Be2 e6 6. O-O Nc6 7. Nc3 Qd7 8.
Bf4 a6 9. a3 Nd5 10. Nxd5 Qxd5 11. Bxc7 Rc8 12. Bg3 Bf5 13. c4 Qd7 14. d5 exd5
15. cxd5 Ne7 16. d6 Nc6 17. Bc4 f6 18. Re1+ Kd8 19. Qd5 g5 20. Rad1 h5 21. Re7
Nxe7 22. dxe7+ Bxe7 23. Qxd7+ Bxd7 24. Be6 Rc7 25. Bxc7+ Kxc7 26. Rxd7+ Kc6 27.
Nd4+ Kb6 28. Rxe7 Rd8 29. Rd7 Re8 30. g3 g4 31. Bf5 Re5 32. Kg2 Kc5 33. Bc2 b5
34. Bb3 Re4 35. Nc2 a5 36. Rd5+ Kb6 37. Rf5 a4 38. Bd5 Re2 39. Rxf6+ Kc5 40.
Ba8 b4 41. axb4+ Kb5 42. Rf5+ Kc4 43. Rf4+ Kb3 44. Nd4+ Kxb2 45. Nxe2 a3 46.
Bd5  1-0

[Event "FIDE Online Olympiad"]
[Site "Chess.com"]
[Date "2020.07.26"]
[EventDate "2020.07.25"]
[Round "5"]
[Result "1-0"]
[White "Harmon Barcon"]
[Black "Ebrima Bah"]
[WhiteElo "1996"]
[BlackElo "2085"]
[PlyCount "118"]

1. e4 e5 2. Nf3 Nc6 3. Bb5 Nf6 4. O-O d6 5. Re1 Bd7 6. h3 Be7 7. c3 h6 8. d4
exd4 9. cxd4 O-O 10. Nc3 a6 11. Ba4 b5 12. Bb3 Na5 13. Bc2 c6 14. Bf4 Re8 15.
Rc1 Nh7 16. b3 Nf8 17. e5 d5 18. Ne2 Rc8 19. Ng3 Ne6 20. Be3 f6 21. Nf5 Nf8 22.
Nxe7+ Qxe7 23. exf6 Qxf6 24. Qd2 Nb7 25. Bf4 Bf5 26. Be5 Qf7 27. Re3 Bxc2 28.
Rxc2 Re6 29. Nh2 Rce8 30. Rf3 Qh5 31. Qd3 Nd8 32. Qd1 Kh7 33. Qb1 Kg8 34. Rcc3
Nf7 35. Rf5 Qh4 36. Rf4 Rxe5 37. Rxh4 Re1+ 38. Qxe1 Rxe1+ 39. Nf1 g5 40. Rg4
Ne6 41. Re3 Rxe3 42. fxe3 Kg7 43. Rg3 Nd6 44. Nd2 Nf5 45. Rf3 Kg6 46. g4 Nd6
47. Rf1 c5 48. dxc5 Nxc5 49. Rc1 Ndb7 50. b4 Ne6 51. Rc6 Nbd8 52. Rxa6 Kf6 53.
Rb6 Ke5 54. Rxb5 Nc6 55. e4 Ned4 56. Rxd5+ Kf4 57. b5 Ne2+ 58. Kf2 Nb4 59. Rf5#
 1-0

[Event "FIDE Online Olympiad"]
[Site "Chess.com"]
[Date "2020.07.26"]
[EventDate "2020.07.25"]
[Round "6"]
[Result "1-0"]
[White "Husain Ayyad"]
[Black "Ebrima Bah"]
[WhiteElo "2249"]
[BlackElo "2085"]
[PlyCount "100"]

1. e4 e5 2. Nf3 Nc6 3. d4 exd4 4. Bc4 Bd6 5. O-O Bc5 6. c3 dxc3
7. Qb3 Qe7 8. Nxc3 Na5 9. Qa4 Nxc4 10. Qxc4 c6 11. Nd5 cxd5 12. exd5 Qd6 13.
Bf4 Qb6 14. d6 Nf6 15. Rae1+ Kd8 16. Ng5 Rf8 17. Rd1 Ne8 18. Nxf7+ Rxf7 19.
Qxf7 Bxd6 20. Rxd6 Nxd6 21. Bg5+ Kc7 22. Rc1+ Qc6 23. Rxc6+ Kxc6 24. Qf3+ Kb6
25. Be3+ Ka6 26. Qd5 b6 27. Qxa8 Bb7 28. Qg8 Bc6 29. Qxg7 h5 30. Qg6 Nc8 31.
Bg5 b5 32. f4 b4 33. Bd8 Nb6 34. Bxb6 Kxb6 35. Qxh5 a5 36. f5 Bd5 37. b3 a4 38.
f6 Be6 39. bxa4 Bxa2 40. Qb5+ Kc7 41. Qxb4 Be6 42. a5 Bf5 43. Qb6+ Kc8 44. Qd6
Bg6 45. Kf2 Bh5 46. Ke3 Bg6 47. Kd4 Bf7 48. Kc5 Bg6 49. Kb6 Be4 50. Qc7#  1-0

[Event "FIDE Online Olympiad"]
[Site "Chess.com"]
[Date "2020.07.26"]
[EventDate "2020.07.25"]
[Round "6"]
[Result "1-0"]
[White "Bakary Traore"]
[Black "Ezio Righi"]
[WhiteElo "2145"]
[BlackElo "1994"]
[PlyCount "44"]

1. e4 c5 2. Nf3 e6 3. d4 cxd4 4. Nxd4 a6 5. Bd3 Bc5 6. c3 Nc6 7. Be3 Qb6 8. O-O
Nxd4 9. b4 Ne2+ 10. Qxe2 Bxe3 11. Qxe3 Qxe3 12. fxe3 b6 13. Nd2 d5 14. exd5
exd5 15. e4 Bb7 16. exd5 Bxd5 17. Rae1+ Ne7 18. Nc4 Be6 19. Nxb6 Rb8 20. Na4
O-O 21. Nc5 Rb6 22. Rxe6  1-0

[Event "FIDE Online Olympiad"]
[Site "Chess.com"]
[Date "2020.07.26"]
[EventDate "2020.07.25"]
[Round "6"]
[Result "1-0"]
[White "Faisal Khairallah"]
[Black "Husein Aziz Nezad"]
[WhiteElo "2226"]
[BlackElo "2430"]
[PlyCount "84"]

1. d4 d5 2. Bf4 Nf6 3. e3 c5 4. c3 Nc6 5. Nd2 Qb6 6. Qb3 c4 7. Qc2 g6 8. e4
dxe4 9. Nxc4 Qd8 10. Ne2 Bg7 11. Ng3 Nd5 12. Qxe4 O-O 13. Be2 Nxf4 14. Qxf4 b5
15. Ne3 e5 16. dxe5 Nxe5 17. O-O Bb7 18. Rfd1 Qb8 19. Ne4 Bxe4 20. Qxe4 a5 21.
Rd5 b4 22. Rb5 Qc7 23. Nd5 Qa7 24. cxb4 axb4 25. Nxb4 Rfe8 26. Bf1 Rad8 27. Rd5
h5 28. Rad1 Rb8 29. Qf4 Qa4 30. a3 Qb3 31. R1d2 Rbc8 32. h3 Kh7 33. Qg3 Qa4 34.
Rd1 Re7 35. Kh1 Qa7 36. Rd6 Nc4 37. Bxc4 Rxc4 38. Nc6 Qc7 39. Nxe7 Qxe7 40. Rd7
Qe2 41. Qd3 Qe6 42. Qd5  1-0

[Event "FIDE Online Olympiad"]
[Site "Chess.com"]
[Date "2020.07.26"]
[EventDate "2020.07.25"]
[Round "4"]
[Result "1-0"]
[White "Chester Grant"]
[Black "Dien Thomas"]
[WhiteElo "1173"]
[BlackElo "1821"]
[PlyCount "67"]

1. d4 Nf6 2. Nf3 g6 3. Nc3 Bg7 4. e4 d6 5. Bg5 O-O 6. h3 a5
7. Qd2 Re8 8. Bh6 Bh8 9. h4 c5 10. h5 cxd4 11. hxg6 hxg6
12. Nxd4 a4 13. Bg5 e5 14. Ndb5 Ra6 15. Bxf6 Bxf6 16. Bc4 Be6
17. Bxe6 Rxe6 18. Qh6 Bg7 19. Qh7+ Kf8 20. O-O-O Rc6 21. Qh4
Bf6 22. Qg4 Rc5 23. Rh7 Qb6 24. Nd5 Qxb5 25. Nxf6 Rxf6
26. Rh8+ Ke7 27. Rxb8 a3 28. b3 Rxf2 29. Qh4+ Rf6 30. Qh8 Rf2
31. Qh4+ Rf6 32. Qh8 Rf2 33. Qd8+ Ke6 34. Rxd6# 1-0

[Event "FIDE Online Olympiad"]
[Site "Chess.com"]
[Date "2020.07.26"]
[EventDate "2020.07.25"]
[Round "4"]
[Result "1-0"]
[White "Alice Ioannides Liu"]
[Black "Lesley Cielo"]
[WhiteElo "1475"]
[BlackElo "1243"]
[PlyCount "59"]

1. e4 c5 2. Nf3 Nc6 3. d4 cxd4 4. Nxd4 d6 5. Nxc6 bxc6 6. Nc3
g6 7. Bc4 Bg7 8. O-O Bb7 9. Bf4 Nf6 10. Qd3 O-O 11. Rad1 Nh5
12. Be3 Qc7 13. Bd4 e5 14. Be3 Rfd8 15. a3 Qe7 16. Ba6 Nf4
17. Bxf4 Bxa6 18. Qxa6 exf4 19. Qxc6 Rac8 20. Qd5 Bxc3
21. bxc3 Rxc3 22. Qd2 Rdc8 23. Qxf4 Rxc2 24. Rxd6 Rc1 25. e5
R8c4 26. Qe3 R1c3 27. Qe2 Rc2 28. Rd2 Rxd2 29. Qxd2 Qxe5
30. Re1 1-0

[Event "FIDE Online Olympiad"]
[Site "Chess.com"]
[Date "2020.07.26"]
[EventDate "2020.07.25"]
[Round "4"]
[Result "1-0"]
[White "Chrysostomos Rousis"]
[Black "Kyell-Jean Antonio"]
[WhiteElo "1602"]
[BlackElo "1432"]
[PlyCount "41"]

1. e4 e5 2. Nf3 Nc6 3. Bb5 a6 4. Ba4 b5 5. Bb3 Nf6 6. d3 Bc5
7. c3 d6 8. O-O O-O 9. Nbd2 Bb6 10. h3 Bb7 11. Re1 Ne7 12. Nf1
Ng6 13. Ng3 c5 14. Nf5 h6 15. Nh2 d5 16. exd5 Nxd5 17. Ng4
Ndf4 18. Nxe5 Nxe5 19. Bxf4 Nxd3 20. Qg4 Kh8 21. Qxg7# 1-0

[Event "FIDE Online Olympiad"]
[Site "Chess.com"]
[Date "2020.07.26"]
[EventDate "2020.07.25"]
[Round "4"]
[Result "1-0"]
[White "Thamara Sagastegui"]
[Black "Danai Miltiadou"]
[WhiteElo "1212"]
[BlackElo "1278"]
[PlyCount "133"]

1. e4 e5 2. Nf3 Nc6 3. Nc3 Nf6 4. d3 Bb4 5. Bd2 d6 6. a3 Ba5
7. Be2 Be6 8. Na4 Bd7 9. Bxa5 Nxa5 10. Nc3 b6 11. O-O Bg4
12. Nd2 Qd7 13. h3 Bxe2 14. Qxe2 Nc6 15. Nf3 O-O 16. Rfe1 Nd4
17. Nxd4 exd4 18. Nd1 Rfe8 19. Qf3 Qb5 20. Qe2 Nh5 21. Qd2 Re7
22. c3 Qa4 23. cxd4 Qxd4 24. Nc3 c6 25. Qg5 Qe5 26. Qxe5 Rxe5
27. Re3 Rae8 28. Rae1 Nf6 29. d4 R5e7 30. e5 dxe5 31. dxe5 Nd5
32. Nxd5 cxd5 33. Rc3 h6 34. f4 f6 35. Rce3 d4 36. Rd3 fxe5
37. fxe5 Rxe5 38. Rxe5 Rxe5 39. Rxd4 Re1+ 40. Kf2 Rc1 41. Rd2
Rc7 42. Ke3 Re7+ 43. Kf2 Rf7+ 44. Kg1 a5 45. Rd6 Rb7 46. Kf2
Kf8 47. Ke3 Ke7 48. Rc6 Kd7 49. Rg6 Kc8 50. Kd4 Rd7+ 51. Kc3
Kb7 52. b4 a4 53. b5 Rc7+ 54. Kb4 Kc8 55. Kxa4 Ra7+ 56. Kb4
Rb7 57. a4 Kd8 58. a5 bxa5+ 59. Kxa5 Kc8 60. Ka6 Kb8 61. b6
Kc8 62. Rc6+ Kb8 63. Rd6 Kc8 64. Rc6+ Kb8 65. Re6 Ka8 66. Re8+
Rb8 67. b7# 1-0

[Event "FIDE Online Olympiad"]
[Site "Chess.com"]
[Date "2020.07.26"]
[EventDate "2020.07.25"]
[Round "5"]
[Result "1-0"]
[White "Paris Klerides"]
[Black "Mohamed Othman Alkrnaf"]
[WhiteElo "2175"]
[BlackElo "1852"]
[PlyCount "119"]

1. e4 c5 2. Nf3 g6 3. d4 cxd4 4. Nxd4 Bg7 5. c4 Nc6 6. Be3 d6
7. Nc3 Nf6 8. Be2 O-O 9. O-O Nd7 10. h3 Nxd4 11. Bxd4 Bxd4
12. Qxd4 Qb6 13. Qd2 Nf6 14. Rad1 Be6 15. Kh2 Qc6 16. Nd5 Bxd5
17. exd5 Qb6 18. Bf3 Rac8 19. b3 Nd7 20. Bg4 f5 21. Be2 Nc5
22. Bf3 Nd7 23. Be2 Nc5 24. f3 Rcd8 25. Rfe1 Nd7 26. Bf1 Rf7
27. Qg5 Nf6 28. Rd2 Kg7 29. Bd3 h6 30. Qg3 Nh5 31. Qh4 Nf6
32. Rde2 g5 33. Qf2 Qxf2 34. Rxf2 Nd7 35. f4 gxf4 36. Rxf4 Ne5
37. Bc2 Rdf8 38. Ref1 Ng6 39. Rxf5 Rxf5 40. Rxf5 Rxf5 41. Bxf5
Ne5 42. Kg3 Kf6 43. Kf4 Nf7 44. g4 Ng5 45. h4 Nf7 46. Be6 Ne5
47. Bf5 Nf7 48. Be4 Ne5 49. g5+ hxg5+ 50. hxg5+ Kg7 51. c5
Ng6+ 52. Bxg6 Kxg6 53. c6 e5+ 54. Ke4 bxc6 55. dxc6 d5+
56. Kxd5 Kf5 57. c7 e4 58. c8=Q+ Kf4 59. Qf8+ Ke3 60. Qe7 1-0

[Event "FIDE Online Olympiad"]
[Site "Chess.com"]
[Date "2020.07.26"]
[EventDate "2020.07.25"]
[Round "5"]
[Result "1-0"]
[White "Larisa Sokolova"]
[Black "Amira Abdulgader"]
[WhiteElo "1706"]
[BlackElo "1484"]
[PlyCount "107"]

1. e4 e5 2. Nc3 Nf6 3. f4 d6 4. Nf3 exf4 5. Bc4 Bg4 6. d3 Nbd7
7. Bxf4 Bxf3 8. Qxf3 Ne5 9. Bxe5 dxe5 10. O-O-O Bd6 11. Nd5 c6
12. Nxf6+ Qxf6 13. Qxf6 gxf6 14. Rhf1 Be7 15. Rf5 Rg8 16. g3
Rg5 17. Rf3 b5 18. Bb3 a5 19. a4 b4 20. c3 Rb8 21. Kc2 c5
22. Bd5 Kf8 23. cxb4 cxb4 24. d4 exd4 25. Rxd4 Rc8+ 26. Kd3 f5
27. exf5 Bf6 28. Rc4 Rxc4 29. Bxc4 Bxb2 30. h3 Ke7 31. Re3+
Kf6 32. g4 h5 33. Rg3 hxg4 34. hxg4 Be5 35. Rg2 Bc7 36. Ke4
Ke7 37. Kd5 f6 38. Kc6 Bd8 39. Re2+ Kf8 40. Kd7 Rxg4 41. Re8+
Kg7 42. Rg8+ Kh6 43. Rxg4 Bb6 44. Ke6 Kh5 45. Rg6 Bd8 46. Rxf6
Bxf6 47. Kxf6 Kh6 48. Ke7 Kh7 49. f6 Kh8 50. f7 Kh7 51. f8=Q
Kg6 52. Qf6+ Kh7 53. Qg5 Kh8 54. Qg8# 1-0

[Event "FIDE Online Olympiad"]
[Site "Chess.com"]
[Date "2020.07.26"]
[EventDate "2020.07.25"]
[Round "5"]
[Result "1-0"]
[White "Ali Elier"]
[Black "Chrysostomos Rousis"]
[WhiteElo "2037"]
[BlackElo "1602"]
[PlyCount "47"]

1. e4 c5 2. d4 cxd4 3. c3 dxc3 4. Nxc3 d6 5. Nf3 Nf6 6. Bc4 e6
7. O-O Be7 8. Qe2 O-O 9. Rd1 Qc7 10. Bf4 a6 11. Rac1 Nc6
12. Bb3 Rd8 13. Bg3 b5 14. Nd5 exd5 15. exd5 Nd4 16. Nxd4 Qd7
17. Qf3 Re8 18. h3 Bf8 19. Ne6 fxe6 20. dxe6 Qb7 21. e7+ Kh8
22. exf8=Q+ Rxf8 23. Bd5 Nxd5 24. Qxf8# 1-0

[Event "FIDE Online Olympiad"]
[Site "Chess.com"]
[Date "2020.07.26"]
[EventDate "2020.07.25"]
[Round "5"]
[Result "1-0"]
[White "Theophile Paul"]
[Black "Nathaniel Mathurin"]
[WhiteElo "1686"]
[BlackElo "1669"]
[PlyCount "69"]

1. d4 Nf6 2. Nc3 d5 3. Bf4 e6 4. e3 Bd6 5. Nf3 a6 6. Bd3 O-O
7. Ne5 c5 8. dxc5 Bxc5 9. Qf3 Bd6 10. g4 Qc7 11. Qg3 Nc6
12. Nxc6 Bxf4 13. Ne7+ Qxe7 14. Qxf4 e5 15. Qg3 d4 16. Nd1
Nxg4 17. Rg1 f5 18. h3 Nf6 19. Bc4+ Kh8 20. Qg5 b5 21. Bb3 Ra7
22. c3 Re8 23. Bc2 b4 24. c4 Qd7 25. Bb3 Ne4 26. Qg2 dxe3
27. Nxe3 Qd2+ 28. Kf1 Qxb2 29. Rd1 Nc3 30. Re1 Qd2 31. Qg5
Qd3+ 32. Kg2 Ne4 33. Qh5 f4 34. Rd1 Qc3 35. Qxe8# 1-0

[Event "FIDE Online Olympiad"]
[Site "Chess.com"]
[Date "2020.07.26"]
[EventDate "2020.07.25"]
[Round "6"]
[Result "1-0"]
[White "Mariano Ortega Amarelle"]
[Black "Jean Louis Marckens"]
[WhiteElo "2482"]
[BlackElo "2053"]
[PlyCount "67"]

1. c4 e5 2. Nc3 Nf6 3. Nf3 Nc6 4. e3 Bb4 5. Qc2 O-O 6. Nd5 Be7
7. Ng5 g6 8. Nxe7+ Qxe7 9. a3 d5 10. cxd5 Nxd5 11. h4 f5
12. Bc4 Qd6 13. Qb3 Nce7 14. d3 Kg7 15. Bd2 h6 16. Nf3 b6
17. O-O-O Bb7 18. e4 Nf6 19. Bc3 Ng4 20. Rhe1 Nc6 21. d4 exd4
22. Nxd4 Qf4+ 23. Kb1 Nxd4 24. Bxd4+ Kh7 25. f3 Nf6 26. Bxf6
Rxf6 27. Rd7+ Kh8 28. e5 Rff8 29. Qc3 Qxh4 30. e6+ Qf6 31. e7
Qxc3 32. exf8=Q+ Rxf8 33. bxc3 Bc6 34. Rxc7 1-0

[Event "FIDE Online Olympiad"]
[Site "Chess.com"]
[Date "2020.07.26"]
[EventDate "2020.07.25"]
[Round "6"]
[Result "1-0"]
[White "Valencia Jean Francois"]
[Black "Loedi Gomes"]
[WhiteElo "1398"]
[BlackElo "1070"]
[PlyCount "65"]

1. e4 e5 2. Nf3 Nc6 3. Bc4 Nf6 4. d3 d6 5. Ng5 Qe7 6. Nxf7 Be6
7. Bxe6 Qxe6 8. Nxh8 O-O-O 9. Bg5 Be7 10. Bxf6 Bxf6 11. Nc3
Rxh8 12. Nd5 Bd8 13. O-O Ne7 14. Nxe7+ Bxe7 15. a4 Rf8 16. b4
c6 17. c4 d5 18. b5 Bc5 19. cxd5 cxd5 20. exd5 Qxd5 21. a5 Bd4
22. Rc1+ Kb8 23. a6 b6 24. Qg4 g6 25. Rc4 Bc5 26. Qh3 e4
27. Rxe4 Qxd3 28. Qxd3 Bxf2+ 29. Rxf2 Rc8 30. Qd7 Rc1+ 31. Rf1
Rc7 32. Re8+ Rc8 33. Rxc8# 1-0

[Event "FIDE Online Olympiad"]
[Site "Chess.com"]
[Date "2020.07.26"]
[EventDate "2020.07.25"]
[Round "6"]
[Result "1-0"]
[White "Taleb Mohamed Mohamed Abderrahim"]
[Black "Kyell-Jean Antonio"]
[WhiteElo "1811"]
[BlackElo "1432"]
[PlyCount "113"]

1. e4 e5 2. Nf3 Nc6 3. Nc3 Bc5 4. Nxe5 Nxe5 5. d4 Bxd4 6. Qxd4
f6 7. Bf4 d6 8. O-O-O Ne7 9. Bxe5 fxe5 10. Qc4 Nc6 11. f4 exf4
12. Nd5 Bg4 13. Re1 Qd7 14. h3 Bh5 15. Nxf4 Bf7 16. Qa4 O-O-O
17. Bb5 Kb8 18. Bxc6 Qxc6 19. Qxc6 bxc6 20. e5 dxe5 21. Rxe5
Rhe8 22. Rhe1 Kb7 23. b3 Rxe5 24. Rxe5 Re8 25. Rxe8 Bxe8
26. c4 Bf7 27. Kd2 Kb6 28. Nd3 Be6 29. h4 Bg4 30. Ne5 Bf5
31. g4 Be4 32. Nd7+ Kb7 33. Nc5+ Kb6 34. Nxe4 Ka5 35. Kc3 Kb6
36. c5+ Kb5 37. a4+ Ka6 38. Ng5 h6 39. Ne6 g5 40. hxg5 hxg5
41. Nxg5 Kb7 42. Ne4 Kc8 43. g5 Kd7 44. b4 Ke6 45. b5 cxb5
46. axb5 Kd5 47. g6 Ke6 48. Kc4 Ke7 49. Kd5 Kf8 50. Kc6 Kg7
51. Kxc7 Kxg6 52. Kb7 Kf5 53. c6 Ke6 54. c7 a5 55. bxa6 Kd5
56. c8=Q Kd4 57. Qc5+ 1-0

[Event "FIDE Online Olympiad"]
[Site "Chess.com"]
[Date "2020.07.27"]
[EventDate "2020.07.25"]
[Round "7"]
[Result "1-0"]
[White "Ali Khan Salman"]
[Black "Manoj Kumar"]
[WhiteElo "1687"]
[BlackElo "1968"]
[PlyCount "61"]

1. d4 d5 2. Bf4 Nf6 3. e3 e6 4. Bd3 Bd6 5. Bg3 O-O 6. Nd2 b6
7. f4 c5 8. c3 Ba6 9. Qe2 Bxd3 10. Qxd3 cxd4 11. exd4 Qc7
12. Ne2 Nc6 13. O-O b5 14. Bh4 Be7 15. Bxf6 Bxf6 16. Nf3 b4
17. Rac1 bxc3 18. Rxc3 Nb4 19. Qd2 Qd6 20. a3 Nc6 21. Ne5 Ne7
22. Ng4 Nf5 23. Nxf6+ gxf6 24. Rh3 Qb6 25. g4 Nd6 26. Nc3 Nc4
27. Qd3 f5 28. gxf5 exf5 29. Nxd5 Nxb2 30. Qxf5 Qg6+ 31. Rg3
1-0

[Event "FIDE Online Olympiad"]
[Site "Chess.com"]
[Date "2020.07.27"]
[EventDate "2020.07.25"]
[Round "7"]
[Result "1-0"]
[White "Taione Sikivou"]
[Black "Azeem Makhdoomi Yousuf"]
[WhiteElo "1865"]
[BlackElo "1779"]
[PlyCount "115"]

1. e4 d5 2. exd5 Qxd5 3. d4 e6 4. c4 Qd8 5. Nf3 Nf6 6. g3 b6
7. Bg2 Bb7 8. Nc3 Be7 9. O-O O-O 10. Bf4 a6 11. a3 c5 12. Qd3
cxd4 13. Nxd4 Bxg2 14. Kxg2 Qc8 15. Qf3 Nbd7 16. Nc6 Re8
17. b4 Bf8 18. Rfe1 h6 19. Ne4 Nxe4 20. Qxe4 a5 21. b5 Kh8
22. Red1 e5 23. Be3 Bc5 24. Qf5 Nf6 25. Qxc8 Raxc8 26. Bxc5
bxc5 27. Kf3 e4+ 28. Ke2 a4 29. h3 h5 30. Rab1 g5 31. Rd2 e3
32. fxe3 Ne4 33. Rd3 Nxg3+ 34. Kf3 Ne4 35. Rbd1 g4+ 36. hxg4
hxg4+ 37. Kg2 Kg7 38. Rd8 Rexd8 39. Rxd8 Rxd8 40. Nxd8 Nf6
41. Nb7 Nd7 42. Kg3 f5 43. Kf4 Kf6 44. Nd6 Ne5 45. b6 Ke6
46. Nxf5 Nd7 47. b7 Nb8 48. Kxg4 Kd7 49. Kf4 Nc6 50. Ke4 Kc7
51. Kd5 Na5 52. Kxc5 Nxb7+ 53. Kb5 Nd8 54. Kxa4 Kc6 55. Kb4
Nb7 56. Nd4+ Kb6 57. a4 Nc5 58. a5+ 1-0